书目信息 |
| 题名: |
球状闪电
|
|
| 作者: | 刘慈欣, 著 | |
| 分册: | ||
| 出版信息: | 成都 四川科学技术出版社 2016.09 |
|
| 页数: | 297页 | |
| 开本: | 21cm | |
| 丛书名: | 中国科幻基石丛书 | |
| 单 册: | ||
| 中图分类: | I247.55 | |
| 科图分类: | ||
| 主题词: | 长篇小说--chang pian xiao shuo--科学幻想小说--中国--当代 | |
| 电子资源: | ||
| ISBN: | 978-7-5364-8427-6 | |
| 000 | 01329oam2 2200277 450 | |
| 001 | 011025152728 | |
| 005 | 20221025152728.0 | |
| 010 | @a978-7-5364-8427-6@dCNY25.00 | |
| 099 | @aCAL 012016146484 | |
| 100 | @a20201004d2016 em y0chiy0120 ea | |
| 101 | 0 | @achi |
| 102 | @aCN@b510000 | |
| 105 | @ay z 000ay | |
| 106 | @ar | |
| 200 | 1 | @a球状闪电@Aqiu zhuang shan dian@e典藏版@f刘慈欣著 |
| 210 | @a成都@c四川科学技术出版社@d2016.09 | |
| 215 | @a297页@d21cm | |
| 225 | 2 | @a中国科幻基石丛书@Azhong guo ke huan ji shi cong shu |
| 314 | @a刘慈欣,祖籍河南,长于山西,高级工程师,中国作家协会会员,中国科幻小说作家代表人物,亚洲首位世界科幻大奖“雨果奖”得主。 | |
| 330 | @a本书讲述:某个离奇的雨夜,一个球状闪电闯进了少年的视野,并在一瞬间将少年的父母化为灰烬。少年毕其一生去解开那个将他变成孤儿的自然之谜。但未曾想,多年后,他的研究被纳入“新概念武器”开发计划,他所追寻的球状闪电变成了下一场战争中决定祖国生存或是灭亡的终极武器。及锋而试,大西北戈壁滩上升起冰冷的“蓝太阳”,世界变得陌生而怪异。一个完全未知的未来,在宇宙观测者的注视下,降临在人类面前。 | |
| 333 | @a本书适用于小说爱好者 | |
| 410 | 0 | @12001 @a中国科幻基石丛书 |
| 606 | 0 | @a长篇小说@Achang pian xiao shuo@x科学幻想小说@y中国@z当代 |
| 690 | @aI247.55@v5 | |
| 701 | 0 | @a刘慈欣,@Aliu ci xin ,@f1963-@4著 |
| 905 | @a河南城建学院图书馆@dI247.55@eL5971 | |
| 球状闪电:典藏版/刘慈欣著.-成都:四川科学技术出版社,2016.09 |
| 297页;21cm.-(中国科幻基石丛书) |
| 使用对象:本书适用于小说爱好者 |
| ISBN 978-7-5364-8427-6:CNY25.00 |
| 本书讲述:某个离奇的雨夜,一个球状闪电闯进了少年的视野,并在一瞬间将少年的父母化为灰烬。少年毕其一生去解开那个将他变成孤儿的自然之谜。但未曾想,多年后,他的研究被纳入“新概念武器”开发计划,他所追寻的球状闪电变成了下一场战争中决定祖国生存或是灭亡的终极武器。及锋而试,大西北戈壁滩上升起冰冷的“蓝太阳”,世界变得陌生而怪异。一个完全未知的未来,在宇宙观测者的注视下,降临在人类面前。 |
| ● |
| 相关链接 |
|
|
|
正题名:球状闪电
索取号:I247.55/L5971
 
预约/预借
| 序号 | 登录号 | 条形码 | 馆藏地/架位号 | 状态 | 备注 |
| 1 | 1585488 | 215854886 | 文学库108/108文学库 45排5列4层/ [索取号:I247.55/L5971] | 在馆 | |
| 2 | 1585489 | 215854895 | 文学库108/108文学库 45排5列4层/ [索取号:I247.55/L5971] | 在馆 |